000 00357nam a22001457a 4500
005 20180413120653.0
008 160624b xxu||||| |||| 00| 0 eng d
041 _aeng
082 _b9750
_a348
245 _aThe Employees State Insurance Act- 1948
260 _bCommercial Law Publication
_c2010
300 _a184
650 _aManagement
_9241
942 _cBK
999 _c3789
_d3788